Kompendium sejarah arsitektur, (Record no. 87668)

MARC details
000 -LEADER
fixed length control field 00672cam a22002291 4500
001 - CONTROL NUMBER
control field sa 68017332
003 - CONTROL NUMBER IDENTIFIER
control field DLC
005 - DATE AND TIME OF LATEST TRANSACTION
control field 20260227112702.0
008 - FIXED-LENGTH DATA ELEMENTS--GENERAL INFORMATION
fixed length control field 850327s1966 io ab b 000 0 ind
010 ## - LIBRARY OF CONGRESS CONTROL NUMBER
LC control number sa 68017332
035 ## - SYSTEM CONTROL NUMBER
System control number (OCoLC)23536733
040 ## - CATALOGING SOURCE
Original cataloging agency DLC
Transcribing agency MiU
Modifying agency DLC
042 ## - AUTHENTICATION CODE
Authentication code premarc
050 00 - LIBRARY OF CONGRESS CALL NUMBER
Classification number NA200
Item number .S9
100 1# - MAIN ENTRY--PERSONAL NAME
Personal name Sumintardja, Djauhari.
245 10 - TITLE STATEMENT
Title Kompendium sejarah arsitektur,
Statement of responsibility, etc. oleh Djauhari S.
260 ## - PUBLICATION, DISTRIBUTION, ETC.
Place of publication, distribution, etc. Bandung,
Name of publisher, distributor, etc. Lembaga Penjelidikan Masalah Bangunan
Date of publication, distribution, etc. [1966]
300 ## - PHYSICAL DESCRIPTION
Extent 147 p.
Other physical details illus., maps.
Dimensions 32 cm.
500 ## - GENERAL NOTE
General note Cover title.
504 ## - BIBLIOGRAPHY, ETC. NOTE
Bibliography, etc. note Bibliography: p. 2-3.
650 #0 - SUBJECT ADDED ENTRY--TOPICAL TERM
Topical term or geographic name entry element Architecture
General subdivision History
-- Outlines, syllabi, etc.

No items available.

Powered by Koha